Normal görünüm MARC görünümü

Giriş Corporate Name

Kullanılan kayıt sayısı: 1

001 - CONTROL NUMBER

  • control field: 2167

003 - CONTROL NUMBER IDENTIFIER

  • control field: TR-AnBAT

005 - DATE AND TIME OF LATEST TRANSACTION

  • control field: 20250630174623.0

008 - FIXED-LENGTH DATA ELEMENTS

  • fixed length control field: 250630|| aca||aabn | a|a d

040 ## - CATALOGING SOURCE

  • Original cataloging agency: TR-AnBAT
  • Transcribing agency: TR-AnBAT

110 ## - HEADING--CORPORATE NAME

  • Corporate name or jurisdiction name as entry element: Ankara Büyükşehir Belediyesi Gençlik ve Spor Hizmetleri Dairesi Başkanlığı

670 ## - SOURCE DATA FOUND

  • Source citation: Koha: (TR-AnBAT)8909: Ankara Büyükşehir Belediyesi Gençlik ve Spor Hizmetleri Dairesi Başkanlığı, Bir zamanlar Ankara :, 2025